Normal view
MARC view
Entry Personal Name
001 - CONTROL NUMBER
- control field: 56580
003 - CONTROL NUMBER IDENTIFIER
- control field: dpl
005 - DATE AND TIME OF LATEST TRANSACTION
- control field: 20230913163800.0
008 - FIXED-LENGTH DATA ELEMENTS
- fixed length control field: 230913|| aca||aabn | a|a d
040 ## - CATALOGING SOURCE
- Original cataloging agency: dpl
- Transcribing agency: dpl
100 ## - HEADING--PERSONAL NAME
- Personal name: तिवारी, रामकुमार
670 ## - SOURCE DATA FOUND
- Source citation: Work cat.: (dpl)198095: तिवारी, रामकुमार , सिद्धि-सफलता आपका लक्ष्य /, 2022
